[Event "Landesliga Ost MV 2014-15"]
[Site "Mecklenburg-Vorpommern"]
[Date "2014.11.09"]
[Round "2.8"]
[White "Zibell, Walter"]
[Black "Lichtnau, Ulrike"]
[Result "1-0"]
[WhiteElo "1811"]
[BlackElo "1467"]
[PlyCount "145"]
[EventType "team-tourn"]
[EventRounds "9"]
[EventCountry "GER"]
[SourceDate "2014.04.06"]
[WhiteTeam "SG Eintracht Neubrandenburg  "]
[BlackTeam "Greifswalder SV  II"]

1. d4 d5 2. c4 c6 3. Nc3 Nf6 4. Nf3 e6 5. Bg5 Nbd7 6. e3 Be7 7. Bd3 dxc4 8.
Bxc4 Nd5 9. Bxe7 Qxe7 10. O-O O-O 11. Ne2 N7f6 12. Bd3 Nb4 13. Bb1 c5 14. e4
cxd4 15. e5 Nfd5 16. Nfxd4 Qc7 17. a3 Nc6 18. f4 g6 19. Rf3 b6 20. Nb5 Qe7 21.
Nd6 Bb7 22. Rh3 Ba6 23. Ng3 Nxf4 24. Rh6 Qg5 25. Be4 Qxh6 26. Bxc6 Rad8 27.
Nge4 Nh5 28. Qf3 Qg7 29. g4 Qxe5 30. gxh5 Rxd6 31. Nxd6 Qxd6 32. Rd1 Qe5 33. h6
Be2 34. Re1 Qd4+ 35. Qf2 Qxf2+ 36. Kxf2 Bg4 37. Kg3 Bf5 38. Kf4 Rc8 39. Rd1 Kf8
40. Bb5 Rc2 41. Ke5 Rc5+ 42. Kf6 Rc8 43. Rd7 e5 44. Rxf7+ Kg8 45. Rxa7 e4 46.
Rb7 Rf8+ 47. Ke5 e3 48. Kd4 e2 49. Bxe2 Rd8+ 50. Kc3 Rc8+ 51. Kb4 Be6 52. Rg7+
Kh8 53. Rb7 Kg8 54. Rxb6 Kf7 55. Bd3 Rd8 56. Kc3 Rc8+ 57. Kd2 Rd8 58. Ke3 Re8
59. Be4 Bd5 60. Rb4 Kf6 61. h4 Be6 62. Rb6 Kf7 63. Kf4 Bh3 64. Bd5+ Kf8 65.
Rf6+ Ke7 66. Rf7+ Kd6 67. Be4 Rh8 68. b4 Be6 69. Rg7 Rf8+ 70. Ke3 Bg4 71. a4
Rb8 72. b5 Rc8 73. Bc6 1-0

[Event "Landesliga Ost MV 2014-15"]
[Site "Mecklenburg-Vorpommern"]
[Date "2014.11.23"]
[Round "3.1"]
[White "Pawlick, Helmut"]
[Black "Dao, Xuan Duong"]
[Result "1-0"]
[WhiteElo "1816"]
[BlackElo "1740"]
[PlyCount "37"]
[EventType "team-tourn"]
[EventRounds "9"]
[EventCountry "GER"]
[SourceDate "2014.04.06"]
[WhiteTeam "SV Rugia Bergen"]
[BlackTeam "SG Eintracht Neubrandenburg  III"]

1. e4 e5 2. Nf3 Nc6 3. Bc4 Bc5 4. b4 Bxb4 5. c3 Ba5 6. d4 exd4 7. O-O dxc3 8.
Qb3 Qe7 9. Nxc3 Bxc3 10. Qxc3 f6 11. Bd5 Ne5 12. Nd4 c6 13. Nf5 Qd8 14. Nd6+
Kf8 15. Bxg8 b6 16. Ba3 c5 17. Bd5 Rb8 18. f4 Ng6 19. e5 1-0

[Event "Landesliga Ost MV 2014-15"]
[Site "Mecklenburg-Vorpommern"]
[Date "2014.11.23"]
[Round "3.2"]
[White "Bugdahl, Felix"]
[Black "Wichert, Till"]
[Result "1-0"]
[WhiteElo "1603"]
[BlackElo "1411"]
[PlyCount "37"]
[EventType "team-tourn"]
[EventRounds "9"]
[EventCountry "GER"]
[SourceDate "2014.04.06"]
[WhiteTeam "SG Eintracht Neubrandenburg  III"]
[BlackTeam "SV Rugia Bergen"]

1. Nf3 e6 2. g3 Nf6 3. Bg2 d5 4. O-O Be7 5. b3 O-O 6. Bb2 Nbd7 7. d3 b6 8. Nbd2
Bb7 9. e3 Rc8 10. Ne1 c5 11. f4 Qc7 12. g4 e5 13. g5 Ne8 14. Qh5 f6 15. Bh3 g6
16. Be6+ Kh8 17. Qh6 Bc6 18. f5 gxf5 19. g6 1-0

[Event "Landesliga Ost MV 2014-15"]
[Site "Mecklenburg-Vorpommern"]
[Date "2014.11.23"]
[Round "3.3"]
[White "Burwitz, Joerg"]
[Black "Peters, Hans Joachim"]
[Result "1/2-1/2"]
[WhiteElo "1676"]
[BlackElo "1714"]
[PlyCount "27"]
[EventType "team-tourn"]
[EventRounds "9"]
[EventCountry "GER"]
[SourceDate "2014.04.06"]
[WhiteTeam "SV Rugia Bergen"]
[BlackTeam "SG Eintracht Neubrandenburg  III"]

1. d4 Nf6 2. Nf3 e6 3. g3 b6 4. Bg2 Bb7 5. O-O g6 6. c4 Bg7 7. Nc3 O-O 8. Bg5
h6 9. Bxf6 Qxf6 10. e4 d6 11. Qd2 Qe7 12. Rfe1 e5 13. dxe5 dxe5 14. Rad1
1/2-1/2

[Event "Landesliga Ost MV 2014-15"]
[Site "Mecklenburg-Vorpommern"]
[Date "2014.11.23"]
[Round "3.4"]
[White "Buenz, Heinrich"]
[Black "Tabbert, Dirk"]
[Result "1/2-1/2"]
[WhiteElo "1609"]
[BlackElo "1629"]
[PlyCount "57"]
[EventType "team-tourn"]
[EventRounds "9"]
[EventCountry "GER"]
[SourceDate "2014.04.06"]
[WhiteTeam "SG Eintracht Neubrandenburg  III"]
[BlackTeam "SV Rugia Bergen"]

1. Nf3 d5 2. c4 dxc4 3. Qa4+ Nc6 4. Qxc4 Nf6 5. g3 e6 6. Bg2 Bd7 7. O-O Be7 8.
b3 O-O 9. Bb2 Nd5 10. d4 Na5 11. Qd3 Bf6 12. Rc1 Rc8 13. Nc3 Nb4 14. Qd2 Nac6
15. Ne4 Be7 16. Nc5 Bxc5 17. dxc5 Nd5 18. Rd1 Nb8 19. e4 Nf6 20. Ne5 Bc6 21.
Qf4 Qe7 22. Nxc6 Nxc6 23. Bxf6 Qxf6 24. Qxf6 gxf6 25. Rd2 Rcd8 26. Rad1 Rxd2
27. Rxd2 Rd8 28. Rxd8+ Nxd8 29. f4 1/2-1/2

[Event "Landesliga Ost MV 2014-15"]
[Site "Mecklenburg-Vorpommern"]
[Date "2014.11.23"]
[Round "3.5"]
[White "Pawlowicz, Karsten"]
[Black "Hollender, Dirk"]
[Result "1/2-1/2"]
[WhiteElo "1592"]
[BlackElo "1672"]
[PlyCount "61"]
[EventType "team-tourn"]
[EventRounds "9"]
[EventCountry "GER"]
[SourceDate "2014.04.06"]
[WhiteTeam "SV Rugia Bergen"]
[BlackTeam "SG Eintracht Neubrandenburg  III"]

1. e4 e5 2. Nf3 Nc6 3. Nc3 Bc5 4. Bc4 d6 5. Na4 Nf6 6. Nxc5 dxc5 7. Bb5 Bd7 8.
d3 Qe7 9. Bxc6 Bxc6 10. Bg5 h6 11. Bh4 g5 12. Bg3 Nd7 13. h3 O-O-O 14. Qe2 f6
15. Nd2 Nb6 16. b3 h5 17. f3 Bb5 18. Nc4 Bxc4 19. dxc4 Nd7 20. O-O Nf8 21. Rfd1
Ne6 22. c3 c6 23. Rxd8+ Rxd8 24. Rd1 Kc7 25. a3 Rd6 26. Kf1 a6 27. Ke1 Qd7 28.
Rxd6 Qxd6 29. a4 Kd7 30. Bh2 Kc7 31. Bg3 1/2-1/2

[Event "Landesliga Ost MV 2014-15"]
[Site "Mecklenburg-Vorpommern"]
[Date "2014.11.23"]
[Round "3.6"]
[White "Mietz, Wolfgang"]
[Black "Rosenbusch, Robert Mario"]
[Result "1/2-1/2"]
[WhiteElo "1585"]
[BlackElo "1664"]
[PlyCount "43"]
[EventType "team-tourn"]
[EventRounds "9"]
[EventCountry "GER"]
[SourceDate "2014.04.06"]
[WhiteTeam "SG Eintracht Neubrandenburg  III"]
[BlackTeam "SV Rugia Bergen"]

1. d4 e6 2. c4 Nf6 3. Nc3 b6 4. Nf3 Bb7 5. g3 Be7 6. Bg2 O-O 7. O-O d5 8. Ne5
c6 9. Qa4 dxc4 10. Qxc4 Nd5 11. Rd1 Ba6 12. Qb3 Qc7 13. e3 Nd7 14. Nxd7 Qxd7
15. Bd2 Rfc8 16. Ne4 Rc7 17. Rac1 Rac8 18. Bf1 Bb7 19. Qa4 Qd8 20. Bg2 Ba8 21.
Be1 Bf8 22. a3 1/2-1/2

[Event "Landesliga Ost MV 2014-15"]
[Site "Mecklenburg-Vorpommern"]
[Date "2014.11.23"]
[Round "3.7"]
[White "Scheel, Manfred"]
[Black "Friedrich, Joerg"]
[Result "1-0"]
[WhiteElo "1501"]
[BlackElo "1657"]
[PlyCount "59"]
[EventType "team-tourn"]
[EventRounds "9"]
[EventCountry "GER"]
[SourceDate "2014.04.06"]
[WhiteTeam "SV Rugia Bergen"]
[BlackTeam "SG Eintracht Neubrandenburg  III"]

1. e4 c5 2. Nf3 Nc6 3. c3 e5 4. Bb5 a6 5. Ba4 b5 6. Bc2 d5 7. exd5 Qxd5 8. Qe2
Bg4 9. Be4 Bxf3 10. Bxf3 Qd6 11. Bxc6+ Qxc6 12. Qxe5+ Ne7 13. O-O f6 14. Qe2
Kf7 15. d3 Rd8 16. Be3 Nf5 17. Nd2 Bd6 18. Rad1 h5 19. Ne4 Bb8 20. Bxc5 Rd5 21.
d4 h4 22. Rfe1 Bxh2+ 23. Kxh2 Qc7+ 24. Nd6+ Nxd6 25. Qe6+ Kg6 26. Qxd5 Nf5+ 27.
Kg1 h3 28. Qf3 h2+ 29. Kh1 Rh4 30. Re4 1-0

[Event "Landesliga Ost MV 2014-15"]
[Site "Mecklenburg-Vorpommern"]
[Date "2014.11.23"]
[Round "3.8"]
[White "Gloeckner, Jan"]
[Black "Eckfeldt, Tim"]
[Result "1-0"]
[WhiteElo "1537"]
[BlackElo "1311"]
[PlyCount "55"]
[EventType "team-tourn"]
[EventRounds "9"]
[EventCountry "GER"]
[SourceDate "2014.04.06"]
[WhiteTeam "SG Eintracht Neubrandenburg  III"]
[BlackTeam "SV Rugia Bergen"]

1. e4 e5 2. d4 exd4 3. c3 Nc6 4. Nf3 d3 5. Bxd3 Bc5 6. O-O d6 7. Bc4 Be6 8.
Bxe6 fxe6 9. Qb3 Qd7 10. Ng5 Nd8 11. Be3 Bb6 12. Na3 h6 13. Nh3 Nf6 14. e5 Nd5
15. Bxb6 Nxb6 16. exd6 Qxd6 17. Rad1 Qe5 18. Rfe1 Qf6 19. Nb5 Qf7 20. Nd4 Nd5
21. Nxe6 Nxe6 22. Qxd5 O-O 23. Qxe6 Qxe6 24. Rxe6 Kf7 25. Rde1 Rad8 26. Re7+
Kf6 27. f3 Rd2 28. R7e6+ 1-0

[Event "Landesliga Ost MV 2014-15"]
[Site "Mecklenburg-Vorpommern"]
[Date "2014.11.23"]
[Round "3.1"]
[White "Stork, Michael"]
[Black "Koepcke, Klaus Peter"]
[Result "1-0"]
[WhiteElo "2038"]
[BlackElo "2141"]
[PlyCount "97"]
[EventType "team-tourn"]
[EventRounds "9"]
[EventCountry "GER"]
[SourceDate "2014.04.06"]
[WhiteTeam "ESV Waren"]
[BlackTeam "Greifswalder SV  II"]

1. Nf3 d5 2. d4 Nf6 3. c4 e6 4. Nc3 Be7 5. Bg5 Nbd7 6. e3 O-O 7. Rc1 c6 8. Bd3
h6 9. Bh4 Re8 10. O-O dxc4 11. Bxc4 Nd5 12. Bxe7 Qxe7 13. e4 N5b6 14. Bb3 Nf6
15. Re1 Bd7 16. e5 Nfd5 17. Ne4 Red8 18. Nd6 Be8 19. Qd3 f5 20. a4 Nc8 21. Bxd5
cxd5 22. Nb5 Bc6 23. Qb3 g5 24. a5 g4 25. Nd2 Qg5 26. Nf1 a6 27. Nc7 Ne7 28.
Nxe6 Qh5 29. Nxd8 Rxd8 30. f4 Ng6 31. Ng3 Qh4 32. Nxf5 Qh5 33. Ng3 Qh4 34. Qe3
Ne7 35. f5 Rf8 36. Rf1 Bb5 37. Rf2 Nc6 38. Qd2 Qg5 39. Qxg5+ hxg5 40. Rxc6 Bxc6
41. Nh5 Bd7 42. Nf6+ Rxf6 43. exf6 Kf7 44. Re2 Bxf5 45. Re7+ Kxf6 46. Rxb7 Bd3
47. Kf2 g3+ 48. Kxg3 Kf5 49. Re7 1-0

[Event "Landesliga Ost MV 2014-15"]
[Site "Mecklenburg-Vorpommern"]
[Date "2014.11.23"]
[Round "3.2"]
[White "Hertel, Johannes"]
[Black "Schumacher, Albrecht"]
[Result "0-1"]
[WhiteElo "1911"]
[BlackElo "1950"]
[PlyCount "50"]
[EventType "team-tourn"]
[EventRounds "9"]
[EventCountry "GER"]
[SourceDate "2014.04.06"]
[WhiteTeam "Greifswalder SV  II"]
[BlackTeam "ESV Waren"]

1. d4 Nf6 2. c4 e6 3. g3 Bb4+ 4. Bd2 Qe7 5. Bg2 Nc6 6. Nf3 Bxd2+ 7. Nbxd2 d6 8.
O-O O-O 9. Qc2 e5 10. dxe5 dxe5 11. e3 Bg4 12. h3 Bh5 13. Nh4 Rfd8 14. g4 Bg6
15. Nxg6 hxg6 16. Bxc6 bxc6 17. Rfd1 Nh7 18. Qe4 Ng5 19. Qg2 e4 20. Nb3 Qb4 21.
Nd4 c5 22. h4 Nh7 23. Nc6 Rxd1+ 24. Rxd1 Qa4 25. Rd8+ Rxd8 0-1

[Event "Landesliga Ost MV 2014-15"]
[Site "Mecklenburg-Vorpommern"]
[Date "2014.11.23"]
[Round "3.3"]
[White "Schreiner, Wolfgang"]
[Black "Schwahn, Christian"]
[Result "1-0"]
[WhiteElo "1830"]
[BlackElo "1947"]
[PlyCount "103"]
[EventType "team-tourn"]
[EventRounds "9"]
[EventCountry "GER"]
[SourceDate "2014.04.06"]
[WhiteTeam "ESV Waren"]
[BlackTeam "Greifswalder SV  II"]

1. e4 c5 2. Nf3 d6 3. Bb5+ Nd7 4. O-O a6 5. Bxd7+ Bxd7 6. d4 cxd4 7. Qxd4 Nf6
8. e5 dxe5 9. Qxe5 Bg4 10. Nd4 e6 11. Bf4 Rc8 12. c3 Nd5 13. Bg3 Qb6 14. b3 f6
15. Qe4 f5 16. Qe5 Kf7 17. h3 Rc5 18. b4 Nxc3 19. bxc5 Bxc5 20. Qxe6+ Qxe6 21.
Nxe6 Ne2+ 22. Kh2 Nxg3 23. fxg3 Kxe6 24. hxg4 Bd4 25. gxf5+ Kf6 26. Nd2 Bxa1
27. Rxa1 Rd8 28. Ne4+ Kxf5 29. Nc5 Rd5 30. Nxb7 Kg4 31. Rc1 Rh5+ 32. Kg1 Kxg3
33. Rc5 Rh6 34. Rg5+ Kf4 35. Rxg7 Rb6 36. a4 h5 37. a5 Rb5 38. Kh2 h4 39. Kh3
Rb1 40. Kh2 Rb3 41. Rf7+ Kg4 42. Rc7 Rb2 43. Rc4+ Kg5 44. Nc5 Rb5 45. Nxa6 Rxa5
46. Rc5+ Rxc5 47. Nxc5 Kg4 48. Ne4 Kf4 49. Nf2 Ke3 50. Ng4+ Kf4 51. Kh3 Kg5 52.
Nh2 1-0

[Event "Landesliga Ost MV 2014-15"]
[Site "Mecklenburg-Vorpommern"]
[Date "2014.11.23"]
[Round "3.4"]
[White "Nauschuetz, Ernst"]
[Black "Wittig, Harry"]
[Result "1/2-1/2"]
[WhiteElo "1818"]
[BlackElo "1867"]
[PlyCount "102"]
[EventType "team-tourn"]
[EventRounds "9"]
[EventCountry "GER"]
[SourceDate "2014.04.06"]
[WhiteTeam "Greifswalder SV  II"]
[BlackTeam "ESV Waren"]

1. c4 c5 2. g3 Nc6 3. Nc3 g6 4. Bg2 Bg7 5. Nf3 Nf6 6. d4 cxd4 7. Nxd4 Nxd4 8.
Qxd4 O-O 9. Bd2 d6 10. Qd3 a6 11. O-O Rb8 12. Rac1 Bd7 13. b3 b5 14. Nd5 Re8
15. Nxf6+ Bxf6 16. c5 dxc5 17. Rxc5 Bf5 18. Qxd8 Rexd8 19. Ba5 Rd4 20. e3 Rd3
21. Rfc1 Bb2 22. Rb1 Bf6 23. e4 Rc8 24. Rxc8+ Bxc8 25. Rc1 Be6 26. Kf1 Bb2 27.
Rc2 Rd1+ 28. Ke2 Rb1 29. Be1 g5 30. h3 Be5 31. Bd2 f6 32. Bc1 a5 33. f4 gxf4
34. gxf4 Bd6 35. f5 Bd7 36. Kf3 a4 37. bxa4 bxa4 38. Bf1 Bb5 39. Bxb5 Rxb5 40.
Rc4 Rc5 41. Rxc5 Bxc5 42. Bh6 Kf7 43. Ke2 Ke8 44. Kd3 Kd7 45. Kc4 Kc6 46. Bd2
Kd6 47. Bc3 Kc6 48. Bb2 Bd6 49. Bd4 Ba3 50. e5 fxe5 51. Bxe5 Bc5 1/2-1/2

[Event "Landesliga Ost MV 2014-15"]
[Site "Mecklenburg-Vorpommern"]
[Date "2014.11.23"]
[Round "3.5"]
[White "Lotz, Robert"]
[Black "Sowada, Christoph"]
[Result "0-1"]
[WhiteElo "1712"]
[BlackElo "1902"]
[PlyCount "129"]
[EventType "team-tourn"]
[EventRounds "9"]
[EventCountry "GER"]
[SourceDate "2014.04.06"]
[WhiteTeam "ESV Waren"]
[BlackTeam "Greifswalder SV  II"]

1. e4 c5 2. Nf3 d6 3. d4 cxd4 4. Nxd4 Nf6 5. Bd3 g6 6. O-O Bg7 7. c3 O-O 8. Be3
Ng4 9. Bc1 Qb6 10. Bc2 Nc6 11. Nf3 Nge5 12. Nxe5 Nxe5 13. h3 Be6 14. Nd2 Rfc8
15. Nb3 Nc4 16. Bd3 a5 17. Bxc4 Bxc4 18. Re1 a4 19. Nd2 a3 20. Nxc4 Rxc4 21.
Qb3 axb2 22. Bxb2 Qc6 23. f3 Bxc3 24. Rec1 Rc8 25. Bxc3 Rxc3 26. Rxc3 Qxc3 27.
Rb1 Qxb3 28. Rxb3 Rc7 29. a4 Kg7 30. Kf2 Kf6 31. Ke3 Rc4 32. Rxb7 Rxa4 33. Rb2
Ra1 34. Rd2 h5 35. h4 Rh1 36. g3 Rh3 37. Rg2 Rh1 38. Rd2 Re1+ 39. Kf2 Rh1 40.
Ke3 Rg1 41. Kf2 Ra1 42. Ke3 g5 43. hxg5+ Kxg5 44. Rd5+ Kg6 45. Rb5 Ra3+ 46. Kf2
Rc3 47. Rd5 Rc5 48. Rd2 Kg5 49. Ke3 Ra5 50. Rb2 Ra3+ 51. Kd4 Rxf3 52. e5 dxe5+
53. Kxe5 Rxg3 54. Ra2 f6+ 55. Ke4 f5+ 56. Kd4 Kf4 57. Rf2+ Rf3 58. Rh2 e5+ 59.
Kc4 Kg4 60. Rg2+ Rg3 61. Ra2 h4 62. Ra8 h3 63. Rg8+ Kf3 64. Rh8 Kg2 65. Kd5 0-1

[Event "Landesliga Ost MV 2014-15"]
[Site "Mecklenburg-Vorpommern"]
[Date "2014.11.23"]
[Round "3.6"]
[White "Malchau, Jochen"]
[Black "Mayerhoff, Lothar"]
[Result "1-0"]
[WhiteElo "1597"]
[BlackElo "1560"]
[PlyCount "61"]
[EventType "team-tourn"]
[EventRounds "9"]
[EventCountry "GER"]
[SourceDate "2014.04.06"]
[WhiteTeam "Greifswalder SV  II"]
[BlackTeam "ESV Waren"]

1. d4 e6 2. c4 Nf6 3. Nc3 Bb4 4. Bd2 Nc6 5. Nf3 O-O 6. a3 Bxc3 7. Bxc3 Ne4 8.
Qc2 Nxc3 9. Qxc3 b6 10. e3 Bb7 11. Be2 d6 12. O-O Ne7 13. Rfd1 f5 14. Nd2 Rf6
15. Bf3 Bxf3 16. Nxf3 Ng6 17. b4 Qe7 18. Rac1 c5 19. h3 e5 20. dxe5 dxe5 21.
Rd5 cxb4 22. axb4 e4 23. Ne5 Re8 24. Nxg6 hxg6 25. Rcd1 Rf7 26. c5 bxc5 27.
bxc5 Qc7 28. Rd6 g5 29. Qc4 Kh7 30. Qd5 Ree7 31. c6 1-0

[Event "Landesliga Ost MV 2014-15"]
[Site "Mecklenburg-Vorpommern"]
[Date "2014.11.23"]
[Round "3.7"]
[White "Stork, Leonard Christopher"]
[Black "Fasold, Gunnar"]
[Result "0-1"]
[WhiteElo "1388"]
[BlackElo "1575"]
[PlyCount "96"]
[EventType "team-tourn"]
[EventRounds "9"]
[EventCountry "GER"]
[SourceDate "2014.04.06"]
[WhiteTeam "ESV Waren"]
[BlackTeam "Greifswalder SV  II"]

1. Nf3 Nf6 2. d4 e6 3. c4 d5 4. Nc3 c6 5. Bg5 Nbd7 6. e3 h6 7. Bh4 Qa5 8. a3
Ne4 9. Rc1 Nxc3 10. bxc3 Qxa3 11. cxd5 cxd5 12. Bb5 a6 13. Ba4 b5 14. Bb3 Qa5
15. O-O Qc7 16. Qd2 Nb6 17. Ne5 Bd6 18. Bg3 Nc4 19. Bxc4 dxc4 20. Qe2 O-O 21.
Qg4 Bb7 22. Bf4 Kh7 23. Qh5 Qe7 24. h4 Bxe5 25. dxe5 Rfd8 26. g4 Qf8 27. g5 g6
28. Qxh6+ Qxh6 29. gxh6 Rd3 30. Kh2 Bf3 31. Rg1 a5 32. Rg3 Bh5 33. Rcg1 Rxc3
34. Rg5 Rg8 35. e4 a4 36. Be3 Rxe3 37. fxe3 Bf3 38. Rb1 Rb8 39. Rf1 Bxe4 40.
Rxf7+ Kxh6 41. Re7 Rb6 42. Re8 c3 43. Rh8+ Kg7 44. Rc8 c2 45. Rg1 Rc6 46. Rxc6
Bxc6 47. h5 Be4 48. hxg6 b4 0-1

[Event "Landesliga Ost MV 2014-15"]
[Site "Mecklenburg-Vorpommern"]
[Date "2014.11.23"]
[Round "3.8"]
[White "Kriese, Ralf"]
[Black "Quiram, Arne"]
[Result "1-0"]
[WhiteElo "1656"]
[BlackElo "925"]
[PlyCount "31"]
[EventType "team-tourn"]
[EventRounds "9"]
[EventCountry "GER"]
[SourceDate "2014.04.06"]
[WhiteTeam "Greifswalder SV  II"]
[BlackTeam "ESV Waren"]

1. e4 c5 2. Nf3 Nc6 3. d4 cxd4 4. Nxd4 d6 5. Nc3 a6 6. Be3 Nf6 7. Be2 Bd7 8.
O-O e6 9. f4 d5 10. exd5 exd5 11. Bf3 Nxd4 12. Bxd4 Be7 13. Nxd5 O-O 14. Bb6
Qe8 15. Nc7 Bc5+ 16. Bxc5 1-0

[Event "Landesliga Ost MV 2014-15"]
[Site "Mecklenburg-Vorpommern"]
[Date "2014.11.23"]
[Round "3.2"]
[White "Menkhaus, Wolf Dieter"]
[Black "Onasch, Gunnar"]
[Result "1/2-1/2"]
[WhiteElo "1840"]
[BlackElo "1821"]
[PlyCount "89"]
[EventType "team-tourn"]
[EventRounds "9"]
[EventCountry "GER"]
[SourceDate "2014.04.06"]
[WhiteTeam "SSC Rostock 07  III"]
[BlackTeam "SV Waterkant Saal"]

1. d4 Nf6 2. c4 c5 3. d5 e6 4. Nc3 exd5 5. cxd5 d6 6. e4 g6 7. Nf3 Bg7 8. h3
O-O 9. Bd3 Re8 10. O-O Na6 11. Re1 Nc7 12. a4 b6 13. Bf4 Nh5 14. Bh2 a6 15. e5
dxe5 16. Nxe5 Nf6 17. Nc6 Qd7 18. Rxe8+ Ncxe8 19. Be2 Nd6 20. Bf3 Bb7 21. Ne5
Qe7 22. Qd3 Re8 23. g4 Nd7 24. Nxd7 Qxd7 25. Rd1 Re7 26. b3 Re8 27. Bg2 Ba8 28.
Ne2 b5 29. axb5 axb5 30. Qc2 c4 31. Kf1 Rc8 32. Qa2 c3 33. Rc1 Bb7 34. Nf4 b4
35. Qa5 Qb5+ 36. Qxb5 Nxb5 37. Nd3 c2 38. Nxb4 Nd4 39. Be4 Bh6 40. f4 Re8 41.
Bxc2 Rc8 42. d6 Nxb3 43. d7 Nxc1 44. dxc8=Q+ Bxc8 45. f5 1/2-1/2

[Event "Landesliga Ost MV 2014-15"]
[Site "Mecklenburg-Vorpommern"]
[Date "2014.11.23"]
[Round "3.3"]
[White "Wiese, Frank"]
[Black "Moritz, Hartmut"]
[Result "1-0"]
[WhiteElo "1875"]
[BlackElo "1831"]
[PlyCount "64"]
[EventType "team-tourn"]
[EventRounds "9"]
[EventCountry "GER"]
[SourceDate "2014.04.06"]
[WhiteTeam "SV Waterkant Saal"]
[BlackTeam "SSC Rostock 07  III"]

1. d4 Nf6 2. Bg5 e6 3. Nd2 Be7 4. e4 d5 5. e5 Nfd7 6. Bxe7 Qxe7 7. c3 b6 8.
Ngf3 O-O 9. Bd3 Ba6 10. Qe2 Bxd3 11. Qxd3 c5 12. O-O Nc6 13. a3 f6 14. exf6
Qxf6 15. Rae1 Rae8 16. Qb5 e5 17. dxe5 Ndxe5 18. Nxe5 Rxe5 19. Nf3 Rf5 20. Qe2
g5 21. Qe6+ Kg7 22. Qxf6+ Kxf6 23. Re2 g4 24. Nd2 Ne5 25. Rd1 Kg5 26. Nf1 Nc4
27. Ng3 Re5 28. Rxe5+ Nxe5 29. Rxd5 Kf4 30. c4 Nxc4 31. Ne2+ Ke4 32. Nc3+ Kf4
1-0

[Event "Landesliga Ost MV 2014-15"]
[Site "Mecklenburg-Vorpommern"]
[Date "2014.11.23"]
[Round "3.5"]
[White "Nickel, Reimo"]
[Black "Herde, Dittmar"]
[Result "1/2-1/2"]
[WhiteElo "1751"]
[BlackElo "1788"]
[PlyCount "31"]
[EventType "team-tourn"]
[EventRounds "9"]
[EventCountry "GER"]
[SourceDate "2014.04.06"]
[WhiteTeam "SV Waterkant Saal"]
[BlackTeam "SSC Rostock 07  III"]

1. d4 d5 2. Nf3 Nf6 3. Bf4 e6 4. e3 c5 5. Bb5+ Bd7 6. Bxd7+ Nbxd7 7. O-O Be7 8.
c3 O-O 9. h3 b5 10. Nbd2 Qb6 11. Ne5 Nxe5 12. Bxe5 Nd7 13. Bh2 Bf6 14. Qe2 Rfe8
15. Nf3 h6 16. Rac1 1/2-1/2

[Event "Landesliga Ost MV 2014-15"]
[Site "Mecklenburg-Vorpommern"]
[Date "2014.11.23"]
[Round "3.6"]
[White "Maertin, Heinz"]
[Black "Ehmann, Roland"]
[Result "1/2-1/2"]
[WhiteElo "1673"]
[BlackElo "1546"]
[PlyCount "35"]
[EventType "team-tourn"]
[EventRounds "9"]
[EventCountry "GER"]
[SourceDate "2014.04.06"]
[WhiteTeam "SSC Rostock 07  III"]
[BlackTeam "SV Waterkant Saal"]

1. e4 e6 2. d4 d5 3. Nc3 dxe4 4. Nxe4 Nf6 5. Bg5 Be7 6. Bxf6 Bxf6 7. c3 O-O 8.
Nf3 Be7 9. Qc2 b6 10. O-O-O Bb7 11. Bd3 Nd7 12. Kb1 h6 13. h4 Nf6 14. Nxf6+
Bxf6 15. Be4 Bxe4 16. Qxe4 Qd5 17. Qe2 Qf5+ 18. Qd3 1/2-1/2

[Event "Landesliga Ost MV 2014-15"]
[Site "Mecklenburg-Vorpommern"]
[Date "2014.11.23"]
[Round "3.7"]
[White "Nickel, Udo"]
[Black "Raitza, Egon"]
[Result "1/2-1/2"]
[WhiteElo "1703"]
[BlackElo "1652"]
[PlyCount "33"]
[EventType "team-tourn"]
[EventRounds "9"]
[EventCountry "GER"]
[SourceDate "2014.04.06"]
[WhiteTeam "SV Waterkant Saal"]
[BlackTeam "SSC Rostock 07  III"]

1. d4 d5 2. c4 e6 3. Nc3 Nf6 4. Bg5 Be7 5. e3 c6 6. Nf3 Nbd7 7. Bd3 h6 8. Bh4
O-O 9. O-O Re8 10. a3 a6 11. b4 dxc4 12. Bxc4 Nd5 13. Bxe7 Qxe7 14. Qc2 Nxc3
15. Qxc3 e5 16. dxe5 Nxe5 17. Qxe5 1/2-1/2

[Event "Landesliga Ost MV 2014-15"]
[Site "Mecklenburg-Vorpommern"]
[Date "2014.11.23"]
[Round "3.8"]
[White "Worm, Alfred"]
[Black "Hiltner, Harald"]
[Result "0-1"]
[WhiteElo "1645"]
[BlackElo "1513"]
[PlyCount "128"]
[EventType "team-tourn"]
[EventRounds "9"]
[EventCountry "GER"]
[SourceDate "2014.04.06"]
[WhiteTeam "SSC Rostock 07  III"]
[BlackTeam "SV Waterkant Saal"]

1. e4 e5 2. Nc3 Nc6 3. Bc4 d6 4. d3 Nf6 5. Nf3 Bg4 6. h3 Bxf3 7. Qxf3 Nd4 8.
Qd1 a6 9. a3 Be7 10. Ne2 Nxe2 11. Qxe2 h6 12. O-O O-O 13. f4 exf4 14. Bxf4 Nh7
15. Bd2 Bg5 16. Bc3 Bf6 17. Qh5 Qd7 18. d4 Rae8 19. Rae1 d5 20. exd5 Rxe1 21.
Rxe1 Re8 22. Rf1 Ng5 23. Qd1 Ne4 24. Be1 Nd6 25. Bb3 Re4 26. c3 Qe7 27. Bc2 Re2
28. Bf2 Bg5 29. Re1 Rxe1+ 30. Bxe1 Qe3+ 31. Bf2 Qc1 32. a4 Qxd1+ 33. Bxd1 Nc4
34. b3 Nd6 35. c4 Kf8 36. c5 Ne8 37. Kf1 Nf6 38. d6 cxd6 39. cxd6 Bf4 40. Ke2
Bxd6 41. Kd3 Ke7 42. Kc4 Kd7 43. g4 g6 44. Bh4 Ne8 45. Bf3 b6 46. Bb7 Nc7 47.
Bf6 b5+ 48. axb5 axb5+ 49. Kd3 Ne6 50. h4 Nf4+ 51. Ke3 Ke6 52. Bg7 h5 53. Bc8+
Kd5 54. Bb7+ Ke6 55. Bh6 Nd5+ 56. Bxd5+ Kxd5 57. gxh5 gxh5 58. Bg7 Bg3 59. Bf6
Ke6 60. Bg5 f6 61. Kf3 fxg5 62. Kxg3 g4 63. Kf4 Kd5 64. Ke3 b4 0-1

[Event "Landesliga Ost MV 2014-15"]
[Site "Mecklenburg-Vorpommern"]
[Date "2014.11.23"]
[Round "3.1"]
[White "Bigalke, Steffen"]
[Black "Patzenhauer, Max"]
[Result "1/2-1/2"]
[WhiteElo "1795"]
[BlackElo "1918"]
[PlyCount "51"]
[EventType "team-tourn"]
[EventRounds "9"]
[EventCountry "GER"]
[SourceDate "2014.04.06"]
[WhiteTeam "SAV Torgelow-Droegeheide 90  II"]
[BlackTeam "SV Motor Wolgast"]

1. e4 e6 2. d4 d5 3. Nc3 Nf6 4. Bg5 dxe4 5. Nxe4 Nbd7 6. Bd3 Be7 7. Qe2 Nxe4 8.
Bxe7 Qxe7 9. Bxe4 O-O 10. Nf3 Nf6 11. Bd3 c5 12. dxc5 Qxc5 13. O-O Bd7 14. Rfd1
Qh5 15. Ne5 Qxe2 16. Bxe2 Rfd8 17. Bf3 Rab8 18. Rd2 Kf8 19. Rad1 Ke7 20. c4 b6
21. Bc6 Be8 22. Bxe8 Rxd2 23. Rxd2 Kxe8 24. f3 Rc8 25. b3 Rc7 26. Kf2 1/2-1/2

[Event "Landesliga Ost MV 2014-15"]
[Site "Mecklenburg-Vorpommern"]
[Date "2014.11.23"]
[Round "3.2"]
[White "Reinke, Thomas"]
[Black "Otto, Martin"]
[Result "1/2-1/2"]
[WhiteElo "1883"]
[BlackElo "1828"]
[PlyCount "32"]
[EventType "team-tourn"]
[EventRounds "9"]
[EventCountry "GER"]
[SourceDate "2014.04.06"]
[WhiteTeam "SV Motor Wolgast"]
[BlackTeam "SAV Torgelow-Droegeheide 90  II"]

1. e4 e6 2. d4 d5 3. Nc3 Nf6 4. Bg5 Be7 5. e5 Nfd7 6. Bxe7 Qxe7 7. Qd2 a6 8.
Nce2 c5 9. c3 Nc6 10. f4 cxd4 11. cxd4 Qb4 12. Nf3 Qxd2+ 13. Kxd2 Nb6 14. b3
Bd7 15. Nc3 Ke7 16. Be2 Rac8 1/2-1/2